000 00279nam a22001217a 4500
082 _a425
_bBAS/C
100 _aBASKAR, R. V
245 _aCOMMON ERRORS IN ENGLISH
260 _aCHENNAI
_bEMERALD PUBLISHERS
300 _a98
650 _aINCORRECT & CORRECT
_zCHENNAI
942 _cBK
999 _c3674
_d3674